[Event "1SM"]
[Site "Sharjah Chess Club"]
[Date "2017.03.31"]
[Round "9.18"]
[White "Svane, Rasmus"]
[Black "Mohammad, Nubairshah Shaikh"]
[Result "1/2-1/2"]
[BlackElo "2408"]
[WhiteElo "2570"]
[LiveChessVersion "1.4.8"]

1. d4 {[%clk 1:40:55]} Nf6 {[%clk 1:39:49]} 2. c4 {[%clk 1:40:41]} g6
{[%clk 1:40:14]} 3. Nc3 {[%clk 1:39:21]} Bg7 {[%clk 1:40:31]} 4. e4
{[%clk 1:39:33]} d6 {[%clk 1:40:58]} 5. Be2 {[%clk 1:36:56]} O-O {[%clk 1:41:19]}
6. Nf3 {[%clk 1:32:58]} Na6 {[%clk 1:41:18]} 7. O-O {[%clk 1:33:09]} e5
{[%clk 1:41:43]} 8. Be3 {[%clk 1:31:10]} c6 {[%clk 1:42:05]} 9. Qc2
{[%clk 1:30:43]} Ng4 {[%clk 1:42:06]} 10. Bg5 {[%clk 1:31:08]} f6
{[%clk 1:41:07]} 11. Bh4 {[%clk 1:29:47]} Qe8 {[%clk 1:38:59]} 12. Rad1
{[%clk 1:26:33]} Nh6 {[%clk 1:17:41]} 13. c5 {[%clk 1:13:40]} g5 {[%clk 1:06:37]}
14. Bg3 {[%clk 1:13:28]} g4 {[%clk 1:05:06]} 15. Nh4 {[%clk 1:11:57]} exd4
{[%clk 0:59:40]} 16. Bxa6 {[%clk 1:01:47]} bxa6 {[%clk 0:59:17]} 17. Na4
{[%clk 0:44:32]} dxc5 {[%clk 0:53:51]} 18. Bd6 {[%clk 0:43:44]} Qh5
{[%clk 0:47:42]} 19. Bxf8 {[%clk 0:42:31]} Bxf8 {[%clk 0:47:46]} 20. g3
{[%clk 0:39:03]} Rb8 {[%clk 0:34:59]} 21. e5 {[%clk 0:28:18]} Nf5
{[%clk 0:14:00]} 22. Ng2 {[%clk 0:23:12]} fxe5 {[%clk 0:14:21]} 23. Nxc5
{[%clk 0:22:46]} Nd6 {[%clk 0:11:01]} 24. Rfe1 {[%clk 0:20:25]} Bf5
{[%clk 0:11:02]} 25. Qe2 {[%clk 0:19:20]} Nf7 {[%clk 0:11:13]} 26. Qc4
{[%clk 0:14:28]} Kh8 {[%clk 0:04:34]} 27. Nh4 {[%clk 0:11:12]} Rxb2
{[%clk 0:04:32]} 28. Ne6 {[%clk 0:09:14]} Nd6 {[%clk 0:03:27]} 29. Qc1
{[%clk 0:07:55]} Bxe6 {[%clk 0:00:59]} 30. Qxb2 {[%clk 0:08:13]} Bd5
{[%clk 0:01:04]} 31. Qb8 {[%clk 0:07:58]} Kg7 {[%clk 0:00:49]} 32. Qxa7+
{[%clk 0:07:30]} Nf7 {[%clk 0:00:36]} 33. Rb1 {[%clk 0:06:56]} a5
{[%clk 0:00:31]} 34. Qd7 {[%clk 0:03:44]} Bb4 {[%clk 0:00:45]} 35. Rxb4
{[%clk 0:04:07]} axb4 {[%clk 0:01:14]} 36. Qe7 {[%clk 0:02:33]} Qg5
{[%clk 0:00:39]} 37. Qxb4 {[%clk 0:02:01]} Bxa2 {[%clk 0:01:08]} 38. f4
{[%clk 0:01:47]} gxf3 {[%clk 0:01:06]} 39. Nxf3 {[%clk 0:02:15]} Qf5
{[%clk 0:00:40]} 40. Rf1 {[%clk 0:02:27]} Qe4 {[%clk 0:00:42]} 41. Nh4
{[%clk 0:01:23]} Qe3+ {[%clk 0:01:05]} 42. Rf2 {[%clk 0:01:44]} Qc1+
{[%clk 0:01:34]} 43. Rf1 {[%clk 0:01:32]} Qe3+ {[%clk 0:02:03]} 44. Rf2
{[%clk 0:01:56]} Qc1+ {[%clk 0:02:33]} 45. Rf1 {[%clk 0:01:37]} Qe3+
{[%clk 0:03:01]} 46. Rf2 {[%clk 0:01:41]} 1/2-1/2

[Event "1SM"]
[Site "Sharjah Chess Club"]
[Date "2017.03.31"]
[Round "9.19"]
[White "Santos Latasa, Jaime"]
[Black "Nihal, Sarin"]
[Result "1-0"]
[BlackElo "2386"]
[WhiteElo "2565"]
[LiveChessVersion "1.4.8"]

1. c4 {[%clk 1:40:58]} c5 {[%clk 1:40:55]} 2. Nc3 {[%clk 1:41:17]} Nc6
{[%clk 1:41:14]} 3. Nf3 {[%clk 1:41:29]} e5 {[%clk 1:39:34]} 4. g3
{[%clk 1:39:35]} g6 {[%clk 1:39:49]} 5. Bg2 {[%clk 1:39:59]} Bg7 {[%clk 1:40:08]}
6. O-O {[%clk 1:40:23]} Nge7 {[%clk 1:40:02]} 7. Ne1 {[%clk 1:40:47]} O-O
{[%clk 1:39:01]} 8. Nc2 {[%clk 1:40:54]} d6 {[%clk 1:39:13]} 9. Ne3
{[%clk 1:40:36]} Be6 {[%clk 1:21:14]} 10. Ned5 {[%clk 1:39:47]} Nb4
{[%clk 1:03:21]} 11. Ne3 {[%clk 1:31:01]} d5 {[%clk 0:34:42]} 12. cxd5
{[%clk 1:28:07]} Nbxd5 {[%clk 0:34:34]} 13. d3 {[%clk 1:25:07]} Qd7
{[%clk 0:32:52]} 14. Ne4 {[%clk 1:24:17]} b6 {[%clk 0:17:09]} 15. Ng5
{[%clk 1:21:55]} Nxe3 {[%clk 0:16:50]} 16. fxe3 {[%clk 1:20:58]} Rad8
{[%clk 0:16:07]} 17. Nxe6 {[%clk 1:20:09]} Qxe6 {[%clk 0:16:30]} 18. Qa4
{[%clk 1:18:45]} Rd7 {[%clk 0:15:38]} 19. Rb1 {[%clk 1:18:37]} Rfd8
{[%clk 0:14:49]} 20. b3 {[%clk 1:16:19]} Nd5 {[%clk 0:09:43]} 21. Bd2
{[%clk 1:14:36]} Bh6 {[%clk 0:08:19]} 22. Bxd5 {[%clk 1:13:07]} Rxd5
{[%clk 0:08:26]} 23. Qh4 {[%clk 1:13:23]} Bg7 {[%clk 0:05:48]} 24. e4
{[%clk 1:13:18]} R5d6 {[%clk 0:06:02]} 25. Rbc1 {[%clk 1:11:20]} Bf6
{[%clk 0:05:32]} 26. Rxf6 {[%clk 1:10:18]} Qxf6 {[%clk 0:05:30]} 27. Bg5
{[%clk 1:10:33]} Qg7 {[%clk 0:04:50]} 28. Bxd8 {[%clk 1:10:48]} f6
{[%clk 0:05:19]} 29. Rf1 {[%clk 1:07:15]} Rxd8 {[%clk 0:05:41]} 30. Qxf6
{[%clk 1:06:06]} Qxf6 {[%clk 0:06:01]} 31. Rxf6 {[%clk 1:06:28]} Re8
{[%clk 0:06:19]} 32. g4 {[%clk 1:06:37]} Kg7 {[%clk 0:04:38]} 33. g5
{[%clk 1:06:53]} h6 {[%clk 0:04:22]} 34. h4 {[%clk 1:07:14]} hxg5
{[%clk 0:04:40]} 35. hxg5 Re7 36. Kg2 {[%clk 1:07:42]} Re8 {[%clk 0:04:37]} 37.
Kg3 {[%clk 1:07:43]} Re7 {[%clk 0:04:56]} 38. a3 {[%clk 1:05:54]} Re8
{[%clk 0:04:17]} 39. Kg2 {[%clk 1:05:26]} Re7 {[%clk 0:04:06]} 40. a4
{[%clk 1:05:51]} Re8 {[%clk 0:03:09]} 41. a5 {[%clk 1:06:06]} Rb8
{[%clk 0:02:28]} 42. Re6 {[%clk 1:04:56]} bxa5 {[%clk 0:01:58]} 43. Rxe5
{[%clk 1:05:19]} Rxb3 {[%clk 0:02:23]} 44. Rxc5 {[%clk 1:05:42]} a4
{[%clk 0:02:06]} 45. Rc7+ {[%clk 1:06:07]} Kf8 {[%clk 0:02:25]} 46. Rxa7
{[%clk 1:06:31]} Ra3 {[%clk 0:02:50]} 47. Kf3 {[%clk 1:06:46]} Ra1
{[%clk 0:03:14]} 48. e5 {[%clk 1:07:02]} a3 {[%clk 0:03:01]} 49. Ke4
{[%clk 1:07:16]} a2 {[%clk 0:02:59]} 50. d4 {[%clk 1:07:37]} 1-0

[Event "1SM"]
[Site "Sharjah Chess Club"]
[Date "2017.03.31"]
[Round "9.20"]
[White "Schroeder, Jan-Christian"]
[Black "Vignesh, N R"]
[Result "1/2-1/2"]
[BlackElo "2405"]
[WhiteElo "2543"]
[LiveChessVersion "1.4.8"]

1. e4 {[%clk 1:40:58]} c5 {[%clk 1:40:30]} 2. Nf3 {[%clk 1:41:23]} d6
{[%clk 1:40:54]} 3. d4 {[%clk 1:41:49]} cxd4 {[%clk 1:41:21]} 4. Nxd4
{[%clk 1:42:16]} Nf6 {[%clk 1:41:45]} 5. Nc3 {[%clk 1:42:43]} a6 {[%clk 1:42:11]}
6. Be2 {[%clk 1:43:09]} e6 {[%clk 1:42:22]} 7. O-O {[%clk 1:42:35]} Be7
{[%clk 1:42:40]} 8. f4 {[%clk 1:41:55]} Qc7 {[%clk 1:42:53]} 9. Kh1
{[%clk 1:39:48]} O-O {[%clk 1:43:13]} 10. Qe1 {[%clk 1:35:21]} Nc6
{[%clk 1:39:09]} 11. Be3 {[%clk 1:35:37]} Nd7 {[%clk 1:35:41]} 12. Bf3
{[%clk 1:29:29]} Re8 {[%clk 1:31:55]} 13. Rd1 {[%clk 1:29:12]} Bf8
{[%clk 1:30:21]} 14. Qf2 {[%clk 1:28:19]} Na5 {[%clk 1:29:41]} 15. f5
{[%clk 1:23:44]} Ne5 {[%clk 1:21:06]} 16. Nxe6 {[%clk 1:15:41]} fxe6
{[%clk 1:07:47]} 17. Bb6 {[%clk 1:16:06]} Qf7 {[%clk 1:05:26]} 18. Bxa5
{[%clk 1:14:40]} Nc4 {[%clk 1:04:06]} 19. Bb6 {[%clk 1:10:36]} Nxb2
{[%clk 0:58:57]} 20. Rd4 {[%clk 1:09:42]} Bd7 {[%clk 0:59:22]} 21. Rb4
{[%clk 0:46:47]} Rac8 {[%clk 0:59:39]} 22. Bd4 {[%clk 0:45:27]} Nc4
{[%clk 0:59:03]} 23. Rxb7 {[%clk 0:39:49]} e5 {[%clk 0:59:16]} 24. Be3
{[%clk 0:40:09]} Na5 {[%clk 0:51:29]} 25. Rxd7 {[%clk 0:40:30]} Qxd7
{[%clk 0:51:57]} 26. Nd5 {[%clk 0:40:54]} Rc6 {[%clk 0:50:57]} 27. Bh5
{[%clk 0:37:52]} Rec8 {[%clk 0:51:26]} 28. Nb6 {[%clk 0:30:45]} Rxb6
{[%clk 0:51:32]} 29. Bxb6 {[%clk 0:31:13]} Nc4 {[%clk 0:51:49]} 30. f6
{[%clk 0:29:48]} Nxb6 {[%clk 0:50:41]} 31. Qxb6 {[%clk 0:29:30]} Qb5
{[%clk 0:50:58]} 32. Qf2 {[%clk 0:25:50]} Rxc2 {[%clk 0:51:05]} 33. Qf5
{[%clk 0:25:52]} Rc7 {[%clk 0:46:21]} 34. Be2 {[%clk 0:23:03]} Qd7
{[%clk 0:41:56]} 35. f7+ {[%clk 0:22:09]} Kh8 {[%clk 0:42:12]} 36. Qxd7
{[%clk 0:22:36]} Rxd7 {[%clk 0:42:38]} 37. Bxa6 {[%clk 0:23:02]} d5
{[%clk 0:42:45]} 38. exd5 {[%clk 0:23:06]} Rxd5 {[%clk 0:43:09]} 39. Bc4
{[%clk 0:22:12]} Rd4 {[%clk 0:43:38]} 40. Bb3 {[%clk 0:22:34]} g6
{[%clk 0:43:56]} 41. Rc1 {[%clk 0:19:53]} e4 {[%clk 0:43:40]} 42. Rc8
{[%clk 0:19:14]} Kg7 {[%clk 0:43:54]} 43. Re8 {[%clk 0:19:17]} Rb4
{[%clk 0:43:44]} 44. g3 {[%clk 0:17:38]} h5 {[%clk 0:44:01]} 45. Kg2
{[%clk 0:17:28]} Rd4 {[%clk 0:44:26]} 46. Kg1 {[%clk 0:16:55]} g5
{[%clk 0:41:33]} 47. Re5 {[%clk 0:14:03]} Kf6 {[%clk 0:41:47]} 48. Re8
{[%clk 0:14:28]} Kg7 {[%clk 0:42:13]} 49. g4 {[%clk 0:06:31]} hxg4
{[%clk 0:41:03]} 50. Kg2 {[%clk 0:06:18]} Rd2+ {[%clk 0:33:43]} 51. Kg3
{[%clk 0:06:47]} Re2 {[%clk 0:28:15]} 52. Kxg4 {[%clk 0:07:01]} Rxh2
{[%clk 0:28:40]} 53. Kxg5 {[%clk 0:07:28]} Re2 {[%clk 0:28:55]} 54. Kf4
{[%clk 0:06:40]} Bd6+ {[%clk 0:29:19]} 55. Kf5 {[%clk 0:06:42]} e3
{[%clk 0:29:47]} 56. Ke4 {[%clk 0:06:43]} Bc5 {[%clk 0:27:17]} 57. Kd3
{[%clk 0:02:43]} Rd2+ {[%clk 0:25:17]} 58. Kc4 {[%clk 0:02:04]} Kxf7
{[%clk 0:25:26]} 1/2-1/2

[Event "1SM"]
[Site "Sharjah Chess Club"]
[Date "2017.03.31"]
[Round "9.21"]
[White "Zude, Erik"]
[Black "Vishnu, Prasanna. V"]
[Result "1/2-1/2"]
[BlackElo "2534"]
[WhiteElo "2408"]
[LiveChessVersion "1.4.8"]

1. c4 {[%clk 1:40:57]} g6 {[%clk 1:40:53]} 2. g3 {[%clk 1:40:01]} Bg7
{[%clk 1:41:11]} 3. Bg2 {[%clk 1:40:20]} c5 {[%clk 1:41:22]} 4. Nc3
{[%clk 1:38:42]} Nc6 {[%clk 1:41:40]} 5. Nf3 {[%clk 1:37:48]} d6 {[%clk 1:42:02]}
6. d3 {[%clk 1:36:13]} e6 {[%clk 1:42:04]} 7. Qd2 {[%clk 1:34:58]} Nge7
{[%clk 1:41:42]} 8. b3 {[%clk 1:34:48]} d5 {[%clk 1:30:32]} 9. Bb2
{[%clk 1:25:42]} d4 {[%clk 1:23:23]} 10. Na4 {[%clk 1:25:44]} b6 {[%clk 1:23:22]}
11. e3 {[%clk 1:16:34]} Rb8 {[%clk 1:07:53]} 12. O-O {[%clk 1:16:08]} O-O
{[%clk 1:08:12]} 13. a3 {[%clk 1:01:27]} e5 {[%clk 0:55:48]} 14. exd4
{[%clk 0:59:21]} exd4 {[%clk 0:55:41]} 15. Rfe1 {[%clk 0:57:09]} Qd6
{[%clk 0:52:38]} 16. Qc2 {[%clk 0:57:00]} Nd8 {[%clk 0:49:07]} 17. Re2
{[%clk 0:53:13]} Ne6 {[%clk 0:49:12]} 18. Nd2 {[%clk 0:52:38]} Bb7
{[%clk 0:47:00]} 19. Ne4 {[%clk 0:52:51]} Qd7 {[%clk 0:44:16]} 20. Rae1
{[%clk 0:53:00]} Nc6 {[%clk 0:43:18]} 21. Bc1 {[%clk 0:52:38]} Ne5
{[%clk 0:37:47]} 22. b4 {[%clk 0:40:14]} Rbe8 {[%clk 0:22:12]} 23. Bh6
{[%clk 0:30:25]} Bxe4 {[%clk 0:21:34]} 24. Rxe4 {[%clk 0:30:35]} Nxd3
{[%clk 0:21:37]} 25. Qxd3 {[%clk 0:30:43]} Bxh6 {[%clk 0:18:16]} 26. Nb2
{[%clk 0:30:39]} cxb4 {[%clk 0:18:14]} 27. axb4 {[%clk 0:30:42]} Qd6
{[%clk 0:16:57]} 28. c5 {[%clk 0:24:20]} bxc5 {[%clk 0:17:00]} 29. Nc4
{[%clk 0:23:16]} Qb8 {[%clk 0:17:06]} 30. Re5 {[%clk 0:22:42]} Qxb4
{[%clk 0:17:02]} 31. Bd5 {[%clk 0:18:34]} Qc3 {[%clk 0:16:27]} 32. Qxc3
{[%clk 0:16:18]} dxc3 {[%clk 0:16:51]} 33. Nd6 {[%clk 0:16:35]} Rd8
{[%clk 0:11:38]} 34. Nxf7 {[%clk 0:16:07]} Rxf7 {[%clk 0:12:00]} 35. Bxe6
{[%clk 0:16:08]} c2 {[%clk 0:11:20]} 36. Rxc5 {[%clk 0:13:37]} Rd1
{[%clk 0:05:08]} 37. Bxf7+ {[%clk 0:13:43]} Kg7 {[%clk 0:05:06]} 38. Rf1
{[%clk 0:12:36]} c1=Q {[%clk 0:04:45]} 39. Rxc1 {[%clk 0:12:59]} Rxc1
{[%clk 0:05:12]} 40. Rxc1 {[%clk 0:13:24]} Bxc1 {[%clk 0:05:39]} 41. Bb3
{[%clk 0:13:42]} Kf6 {[%clk 0:06:00]} 42. f4 {[%clk 0:11:22]} a5 {[%clk 0:05:56]}
43. Kf2 {[%clk 0:11:31]} g5 {[%clk 0:05:58]} 44. fxg5+ {[%clk 0:11:52]} Bxg5
{[%clk 0:06:23]} 45. Ke2 {[%clk 0:11:58]} h6 {[%clk 0:06:45]} 46. h4
{[%clk 0:11:44]} Bc1 {[%clk 0:07:09]} 47. Kd1 {[%clk 0:11:42]} Be3
{[%clk 0:07:33]} 48. g4 {[%clk 0:12:03]} Bf2 {[%clk 0:07:59]} 49. g5+
{[%clk 0:12:26]} hxg5 {[%clk 0:08:24]} 50. hxg5+ {[%clk 0:12:53]} Kxg5
{[%clk 0:08:50]} 51. Kc2 {[%clk 0:13:15]} a4 {[%clk 0:09:17]} 1/2-1/2

[Event "1SM"]
[Site "Sharjah Chess Club"]
[Date "2017.03.31"]
[Round "9.22"]
[White "Sidhant, Mohapatra"]
[Black "Karthikeyan, P."]
[Result "1/2-1/2"]
[BlackElo "2507"]
[WhiteElo "2341"]
[LiveChessVersion "1.4.8"]

1. e4 {[%clk 1:40:25]} e5 {[%clk 1:40:37]} 2. Nf3 {[%clk 1:40:44]} Nc6
{[%clk 1:40:36]} 3. Bb5 {[%clk 1:40:53]} a6 {[%clk 1:40:58]} 4. Ba4
{[%clk 1:41:14]} Nf6 {[%clk 1:41:07]} 5. O-O {[%clk 1:39:19]} Be7
{[%clk 1:40:16]} 6. Re1 {[%clk 1:39:25]} b5 {[%clk 1:40:12]} 7. Bb3
{[%clk 1:39:51]} d6 {[%clk 1:40:18]} 8. a4 {[%clk 1:39:28]} Bd7 {[%clk 1:36:09]}
9. c3 {[%clk 1:38:09]} Na5 {[%clk 1:28:44]} 10. Bc2 {[%clk 1:35:53]} c5
{[%clk 1:27:51]} 11. d3 {[%clk 1:33:14]} O-O {[%clk 1:26:21]} 12. Nbd2
{[%clk 1:33:19]} Re8 {[%clk 1:24:47]} 13. Nf1 {[%clk 1:33:02]} h6
{[%clk 1:24:57]} 14. Ng3 {[%clk 1:32:22]} Bf8 {[%clk 1:24:43]} 15. Bd2
{[%clk 1:24:56]} Nc6 {[%clk 1:14:46]} 16. Bb3 {[%clk 1:21:33]} Na5
{[%clk 1:06:30]} 17. Bc2 {[%clk 1:21:57]} Nc6 {[%clk 1:00:39]} 18. axb5
{[%clk 1:19:17]} axb5 {[%clk 1:01:03]} 19. Bb3 {[%clk 1:19:43]} Na5
{[%clk 0:46:33]} 20. Ba2 {[%clk 1:18:27]} c4 {[%clk 0:46:27]} 21. d4
{[%clk 1:18:11]} Qc7 {[%clk 0:41:18]} 22. h3 {[%clk 1:13:13]} Qb7
{[%clk 0:38:11]} 23. Bb1 {[%clk 1:11:11]} Nb3 {[%clk 0:37:40]} 24. Rxa8
{[%clk 1:11:28]} Qxa8 {[%clk 0:36:39]} 25. Be3 {[%clk 1:11:45]} exd4
{[%clk 0:34:43]} 26. cxd4 {[%clk 0:51:58]} g6 {[%clk 0:33:42]} 27. Nd2
{[%clk 0:49:43]} Nxd2 {[%clk 0:29:50]} 28. Qxd2 {[%clk 0:50:03]} h5
{[%clk 0:24:25]} 29. Bg5 {[%clk 0:46:11]} Nh7 {[%clk 0:22:13]} 30. e5
{[%clk 0:40:29]} Nxg5 {[%clk 0:15:02]} 31. Qxg5 {[%clk 0:40:57]} Qd8
{[%clk 0:15:05]} 32. Qf4 {[%clk 0:41:20]} Bg7 {[%clk 0:14:05]} 33. Re3
{[%clk 0:41:20]} dxe5 {[%clk 0:10:13]} 34. dxe5 {[%clk 0:41:48]} Qc7
{[%clk 0:09:31]} 35. Qh4 {[%clk 0:30:33]} Rxe5 {[%clk 0:08:55]} 36. Rxe5
{[%clk 0:31:00]} Qxe5 {[%clk 0:08:50]} 37. Ne4 {[%clk 0:30:57]} Bc6
{[%clk 0:07:48]} 38. Bc2 {[%clk 0:29:32]} Bxe4 {[%clk 0:05:37]} 39. Qxe4
{[%clk 0:29:57]} Qxb2 {[%clk 0:04:37]} 40. g3 {[%clk 0:30:09]} Bd4
{[%clk 0:04:06]} 41. Qe2 {[%clk 0:30:28]} Kg7 {[%clk 0:02:57]} 42. Kg2
{[%clk 0:30:54]} Qc3 {[%clk 0:02:50]} 43. Be4 {[%clk 0:31:22]} Qb4
{[%clk 0:01:26]} 44. Qf3 {[%clk 0:27:55]} Qc5 {[%clk 0:01:27]} 45. Bd5
{[%clk 0:28:15]} Bf6 {[%clk 0:01:41]} 46. g4 {[%clk 0:27:34]} hxg4
{[%clk 0:01:47]} 47. hxg4 {[%clk 0:28:02]} Qc7 {[%clk 0:01:14]} 48. Qe4
{[%clk 0:26:32]} Qe5 {[%clk 0:00:38]} 49. Qf3 {[%clk 0:26:18]} g5
{[%clk 0:00:39]} 50. Bc6 {[%clk 0:25:32]} b4 {[%clk 0:00:38]} 51. Bd5
{[%clk 0:26:01]} Qd4 {[%clk 0:00:39]} 52. Qf5 {[%clk 0:26:25]} Qc5
{[%clk 0:00:37]} 53. Qd7 {[%clk 0:26:44]} Be7 {[%clk 0:01:01]} 54. Qf5
{[%clk 0:27:10]} Bf6 {[%clk 0:01:16]} 55. Qd7 {[%clk 0:27:39]} Qe7
{[%clk 0:00:38]} 56. Qxe7 {[%clk 0:27:59]} Bxe7 {[%clk 0:01:07]} 57. Bxc4
{[%clk 0:28:28]} Kf6 {[%clk 0:01:09]} 58. Kf3 {[%clk 0:28:54]} Bc5
{[%clk 0:01:21]} 59. Ke2 {[%clk 0:29:15]} Ke7 {[%clk 0:01:34]} 60. f3
{[%clk 0:29:40]} f6 {[%clk 0:01:49]} 61. Kd3 {[%clk 0:30:05]} 1/2-1/2

[Event "1SM"]
[Site "Sharjah Chess Club"]
[Date "2017.03.31"]
[Round "9.23"]
[White "Thakur, Akash"]
[Black "Stany, G.A."]
[Result "0-1"]
[BlackElo "2495"]
[WhiteElo "2363"]
[LiveChessVersion "1.4.8"]

1. e4 {[%clk 1:40:09]} c5 {[%clk 1:40:59]} 2. Nf3 {[%clk 1:40:27]} Nc6
{[%clk 1:41:19]} 3. d4 {[%clk 1:40:51]} cxd4 {[%clk 1:41:44]} 4. Nxd4
{[%clk 1:41:17]} e6 {[%clk 1:42:09]} 5. c4 {[%clk 1:41:26]} Nf6 {[%clk 1:41:09]}
6. Nc3 {[%clk 1:41:39]} Bb4 {[%clk 1:40:55]} 7. Nxc6 {[%clk 1:41:50]} bxc6
{[%clk 1:41:21]} 8. Bd3 {[%clk 1:41:40]} e5 {[%clk 1:41:24]} 9. O-O
{[%clk 1:41:34]} Bc5 {[%clk 1:38:28]} 10. Rb1 {[%clk 1:33:41]} Rb8
{[%clk 1:26:26]} 11. a3 {[%clk 1:29:30]} a5 {[%clk 1:25:52]} 12. Qa4
{[%clk 1:27:37]} O-O {[%clk 1:16:38]} 13. b4 {[%clk 1:25:23]} axb4
{[%clk 1:16:26]} 14. axb4 {[%clk 1:24:10]} Be7 {[%clk 1:15:25]} 15. b5
{[%clk 1:06:50]} Bb7 {[%clk 1:09:37]} 16. Qa7 {[%clk 0:46:18]} cxb5
{[%clk 0:49:21]} 17. Rxb5 {[%clk 0:36:13]} Bc6 {[%clk 0:47:18]} 18. Rxb8
{[%clk 0:18:49]} Qxb8 {[%clk 0:47:38]} 19. Qxb8 {[%clk 0:18:31]} Rxb8
{[%clk 0:48:03]} 20. Nd5 {[%clk 0:18:58]} Bc5 {[%clk 0:34:58]} 21. Nxf6+
{[%clk 0:13:46]} gxf6 {[%clk 0:35:22]} 22. Bh6 {[%clk 0:11:41]} Rb2
{[%clk 0:34:03]} 23. g4 {[%clk 0:11:25]} f5 {[%clk 0:25:10]} 24. Rb1
{[%clk 0:08:09]} Rxb1+ {[%clk 0:22:26]} 25. Bxb1 {[%clk 0:08:18]} fxg4
{[%clk 0:20:40]} 26. Kg2 {[%clk 0:02:39]} f5 {[%clk 0:19:12]} 27. Kg3
{[%clk 0:02:53]} f4+ {[%clk 0:13:40]} 28. Kxg4 {[%clk 0:03:21]} Kf7
{[%clk 0:14:04]} 29. Kf5 {[%clk 0:02:31]} d6 {[%clk 0:14:19]} 30. f3
{[%clk 0:02:34]} Bg1 {[%clk 0:10:31]} 31. h4 {[%clk 0:02:06]} Bb6
{[%clk 0:09:10]} 32. Kg5 {[%clk 0:01:38]} Be8 {[%clk 0:08:22]} 33. c5
{[%clk 0:00:34]} Bd8+ {[%clk 0:08:08]} 34. Kg4 {[%clk 0:00:32]} Kg6
{[%clk 0:06:18]} 35. Bxf4 {[%clk 0:00:41]} h5+ {[%clk 0:05:54]} 36. Kh3
{[%clk 0:00:00]} 0-1

[Event "1SM"]
[Site "Sharjah Chess Club"]
[Date "2017.03.31"]
[Round "9.24"]
[White "Kuybokarov, Temur"]
[Black "Gukesh, D"]
[Result "1/2-1/2"]
[BlackElo "2260"]
[WhiteElo "2491"]
[LiveChessVersion "1.4.8"]

1. e4 {[%clk 1:40:57]} c5 {[%clk 1:40:48]} 2. Nf3 {[%clk 1:41:22]} Nc6
{[%clk 1:41:10]} 3. d4 {[%clk 1:41:43]} cxd4 {[%clk 1:41:34]} 4. Nxd4
{[%clk 1:42:07]} g6 {[%clk 1:41:55]} 5. c4 {[%clk 1:42:21]} Bg7 {[%clk 1:42:16]}
6. Be3 {[%clk 1:42:38]} Nf6 {[%clk 1:42:36]} 7. Nc3 {[%clk 1:42:55]} O-O
{[%clk 1:42:56]} 8. Be2 {[%clk 1:42:59]} d6 {[%clk 1:43:17]} 9. O-O
{[%clk 1:42:22]} Bd7 {[%clk 1:43:35]} 10. f3 {[%clk 1:41:36]} Qb6
{[%clk 1:25:20]} 11. Qd3 {[%clk 1:22:27]} Qxb2 {[%clk 1:06:16]} 12. Rab1
{[%clk 1:14:43]} Qa3 {[%clk 1:06:30]} 13. Rxb7 {[%clk 1:12:44]} Ne5
{[%clk 0:58:03]} 14. Qd2 {[%clk 1:10:50]} Rfc8 {[%clk 0:54:43]} 15. Ndb5
{[%clk 0:57:25]} Qa5 {[%clk 0:50:24]} 16. Nb1 {[%clk 0:52:52]} Qa4
{[%clk 0:34:27]} 17. N1c3 {[%clk 0:46:45]} Qa5 {[%clk 0:34:06]} 1/2-1/2